00823nam a2200181 a 4500008004100000050001500041110005700056245010300113260007800216300001900294350000900313650003300322650002400355650002200379995009900401999001700500952012400517090930s2001 ||||||||||||||||| || u aUN-ECA(02) aUnited Nations Economic Commission For Africa(UNECA)10aTransforming Africa's economies overviewcby United Nations Economic Commission for Africa (UNECA) aAddis Ababa :bUNITED NATIONS ECONOMIC COMMISSION FOR AFRICA(UNECA)c2001 aiv, 58p. : ill a0.00 aECONOMIES, AFRICAN ECONOMIES aREFORMING ECONOMIES aAFRICAN ECONOMIES D0.00FCBU-MAIN LIBRARY (Kitwe)H1I0.00M1UAVAILABLEWOct 5, 2009ZInternational Publications c60298d60298 00102lcc4070a001b001cInternational Publicationsd2022-11-30l0oUN-ECA(02)p03004605r2022-11-30w2022-11-30y002